[Event "Sveins 10. minneturnering"]
[Site "Oslo"]
[Date "2017.06.24"]
[Round "3"]
[White "Solberg, Joachim"]
[Black "Mac Arthur, John"]
[Result "1/2-1/2"]
[WhiteElo "2257"]
[BlackElo "1964"]
[PlyCount "61"]
[EventDate "2017.??.??"]

1. d4 Nf6 2. c4 c5 3. e3 cxd4 4. exd4 d5 5. Nc3 Nc6 6. Nf3 Bg4 7. cxd5 Nxd5 8.
Qb3 Bxf3 9. gxf3 e6 10. Qxb7 Nxd4 11. Bb5+ Nxb5 12. Qc6+ Ke7 13. Qxb5 Qd7 14.
Nxd5+ Qxd5 15. Qxd5 exd5 16. Be3 Ke6 17. O-O-O Bb4 18. a3 Rac8+ 19. Kb1 Bc5 20.
Rhe1 Bxe3 21. fxe3 Rhd8 22. Rd4 Ke5 23. Rg1 g6 24. Ra4 Rc7 25. Rd1 Rd6 26. Ra5
Ke6 27. Rd4 h5 28. h4 Rdd7 29. Ra6+ Ke5 30. Ra5 Ke6 31. Ra6+
1/2-1/2

[Event "Sveins 10. minneturnering"]
[Site "Oslo"]
[Date "2017.06.24"]
[Round "3"]
[White "Huse, Sigurd Kjelsbøl"]
[Black "Al-Tarbosh, Ward"]
[Result "0-1"]
[WhiteElo "1971"]
[BlackElo "2248"]
[PlyCount "50"]
[EventDate "2017.??.??"]

1. e4 e6 2. d4 d5 3. Nc3 Nf6 4. Bg5 dxe4 5. Nxe4 Be7 6. Nxf6+ Bxf6 7. Bxf6 Qxf6
8. Nf3 O-O 9. Bd3 c5 10. c3 cxd4 11. Nxd4 e5 12. Nc2 Nc6 13. O-O Rd8 14. Qe2
Be6 15. Qe4 g6 16. Ne3 Rd6 17. Bc4 Rad8 18. Rad1 Qf4 19. Qxf4 exf4 20. Bxe6
fxe3 21. Rxd6 Rxd6 22. Bg4 Ne5 23. Be2 Rd2 24. Re1 Nd3 25. Rd1 Rxe2
0-1

[Event "Sveins 10. minneturnering"]
[Site "Oslo"]
[Date "2017.06.24"]
[Round "3"]
[White "Lund, Gunnar"]
[Black "Vestby-Ellingsen, Mads"]
[Result "1-0"]
[WhiteElo "1914"]
[BlackElo "2179"]
[PlyCount "81"]
[EventDate "2017.??.??"]

1. Nf3 Nf6 2. d4 g6 3. g3 Bg7 4. Bg2 O-O 5. O-O d6 6. c4 Nc6 7. Nc3 h6 8. e4
Bg4 9. h3 Bxf3 10. Bxf3 e5 11. d5 Nd4 12. Be3 Re8 13. Bg2 Nd7 14. Ne2 Nxe2+ 15.
Qxe2 Qb8 16. b4 c5 17. dxc6 bxc6 18. Rab1 Qc7 19. c5 dxc5 20. bxc5 Bf8 21. Qc4
Reb8 22. a4 Qa5 23. Rfd1 Nxc5 24. Rbc1 Rb4 25. Qc3 Nb3 26. Qxc6 Rab8 27. Rd7
Qxa4 28. Qxa4 Rxa4 29. Rcc7 Nd4 30. Bxd4 exd4 31. Bf1 Rb1 32. Kg2 Raa1 33. Bc4
Rg1+ 34. Kf3 Ra3+ 35. Kg4 h5+ 36. Kh4 Rc3 37. Bxf7+ Kg7 38. Bd5+ Kf6 39. Rf7+
Ke5 40. f4+ Kd6 41. Rfd7#
1-0

[Event "Sveins 10. minneturnering"]
[Site "Oslo"]
[Date "2017.06.24"]
[Round "3"]
[White "Moen, Ole Christian"]
[Black "Rødsmoen, Maud"]
[Result "1-0"]
[WhiteElo "2178"]
[BlackElo "1947"]
[PlyCount "79"]
[EventDate "2017.??.??"]

1. e4 c5 2. Nf3 e6 3. d4 cxd4 4. Nxd4 Nc6 5. Nc3 Qc7 6. Nxc6 bxc6 7. Bd3 Nf6 8.
O-O Be7 9. f4 d6 10. b3 e5 11. Bc4 O-O 12. Qf3 Bb7 13. fxe5 dxe5 14. Bg5 Rad8
15. Na4 Kh8 16. Rad1 Rxd1 17. Rxd1 h6 18. Be3 c5 19. Nc3 Bc6 20. Nd5 Qb7 21.
Nxf6 Bxf6 22. Bd5 Be7 23. Qh5 Bxd5 24. Rxd5 Qb4 25. Bf2 Qxe4 26. Qxe5 Qxe5 27.
Rxe5 Re8 28. Kf1 f6 29. Re2 Kg8 30. Bxc5 Kf7 31. Rxe7+ Rxe7 32. Bxe7 Kxe7 33.
Ke2 Ke6 34. c4 f5 35. b4 g5 36. a4 f4 37. Kf3 Ke5 38. c5 Kd5 39. a5 h5 40. h4
1-0

[Event "Sveins 10. minneturnering"]
[Site "Oslo"]
[Date "2017.06.24"]
[Round "3"]
[White "Kvendseth, Cornelius"]
[Black "Haubro, Sigfred"]
[Result "1-0"]
[WhiteElo "1849"]
[BlackElo "2175"]
[PlyCount "85"]
[EventDate "2017.??.??"]

1. Nf3 f5 2. e4 d6 3. Nc3 e5 4. d4 exd4 5. Nxd4 Qe7 6. Qf3 fxe4 7. Qxe4 c6 8.
Be2 Qxe4 9. Nxe4 Be7 10. f4 a6 11. Be3 c5 12. Nb3 Nf6 13. Nxf6+ Bxf6 14. O-O-O
Be7 15. Bf3 Nc6 16. Rhe1 Bd7 17. Nxc5 O-O-O 18. Nxd7 Kxd7 19. Bb6 Rdf8 20. Bg4+
Ke8 21. Rxd6 Rxf4 22. Bd7+ Kf7 23. Rde6 Bf6 24. Bxc6 bxc6 25. Rxc6 Rb8 26. c3
Rf5 27. Be3 a5 28. Rc5 Rxc5 29. Bxc5 h5 30. Kc2 h4 31. b4 Rc8 32. Kb3 axb4 33.
cxb4 Rd8 34. Re2 Rd3+ 35. Kc4 Ra3 36. b5 Rc3+ 37. Kb4 Rc1 38. b6 Rb1+ 39. Kc4
g5 40. a4 Kg6 41. a5 Kf5 42. a6 Be5 43. a7
1-0

[Event "Sveins 10. minneturnering"]
[Site "Oslo"]
[Date "2017.06.24"]
[Round "3"]
[White "Sousa, Ludy Helsio P"]
[Black "Folkvord, Svein"]
[Result "1-0"]
[WhiteElo "2159"]
[BlackElo "1885"]
[PlyCount "63"]
[EventDate "2017.??.??"]

1. e4 e6 2. d4 d5 3. Nc3 Nf6 4. Bg5 Bb4 5. e5 h6 6. exf6 hxg5 7. fxg7 Rg8 8.
Qf3 c5 9. O-O-O Rxg7 10. Qe3 Kf8 11. h4 gxh4 12. Nf3 Qf6 13. Rxh4 Nc6 14. Nb5
a6 15. Nc7 cxd4 16. Rh8+ Rg8 17. Rxg8+ Kxg8 18. Nxd4 Bd6 19. Ne8 Qf4 20. Nxd6
Qxd6 21. Nxc6 bxc6 22. Qh6 Qf8 23. Qg5+ Qg7 24. Qd8+ Qf8 25. Qh4 e5 26. Bd3 f5
27. Rh1 Qg7 28. Qd8+ Kf7 29. Qc7+ Kf8 30. Qd8+ Kf7 31. Rh8 Bb7 32. Qd7+
1-0

[Event "Sveins 10. minneturnering"]
[Site "Oslo"]
[Date "2017.06.24"]
[Round "3"]
[White "Næss, Sara"]
[Black "Nordquelle, Daniel"]
[Result "0-1"]
[WhiteElo "1795"]
[BlackElo "2143"]
[PlyCount "84"]
[EventDate "2017.??.??"]

1. e4 c5 2. Nf3 d6 3. d4 cxd4 4. Nxd4 Nf6 5. Nc3 a6 6. Be2 e5 7. Nb3 Be6 8. O-O
Be7 9. f4 b5 10. Be3 Qc7 11. Bf3 O-O 12. Rc1 Bc8 13. Nd5 Nxd5 14. Qxd5 Bb7 15.
Qd3 Rc8 16. Bg4 Nd7 17. Bxd7 Qxd7 18. fxe5 Qe6 19. exd6 Bxe4 20. Qe2 Bxd6 21.
Bf4 Bf8 22. c3 Qg6 23. Qf2 Be7 24. Qg3 Qb6+ 25. Be3 Qe6 26. Bd4 Bg6 27. Rce1
Qd6 28. Qxd6 Bxd6 29. Be5 Bf8 30. Rd1 Be7 31. Rd7 Bg5 32. Re1 Re8 33. Bg3 Rxe1+
34. Bxe1 Bf5 35. Rd6 Be6 36. Nc5 Be7 37. Rc6 Bd5 38. Rc7 Bd6 39. Nxa6 Rxa6 40.
Rc8+ Bf8 41. c4 bxc4 42. Bb4 Ra8
0-1

[Event "Sveins 10. minneturnering"]
[Site "Oslo"]
[Date "2017.06.24"]
[Round "3"]
[White "Kizatbay, Abyl"]
[Black "Vestjord, Harald Christian"]
[Result "1-0"]
[WhiteElo "2134"]
[BlackElo "1760"]
[PlyCount "69"]
[EventDate "2017.??.??"]

1. e4 c6 2. Nc3 d5 3. Nf3 Nf6 4. exd5 cxd5 5. d4 Bg4 6. h3 Bh5 7. g4 Bg6 8.
Bb5+ Nc6 9. Ne5 Rc8 10. Bf4 Qb6 11. Qe2 e6 12. O-O-O a6 13. Nxg6 hxg6 14. Ba4
Bb4 15. Nb1 O-O 16. c3 Nxd4 17. Qe3 Bc5 18. Qd3 Nb5 19. f3 d4 20. c4 Bd6 21.
Bg5 Nd5 22. Bd2 Qc5 23. Bb3 Nb4 24. Bxb4 Qxb4 25. h4 Bf4+ 26. Nd2 Nd6 27. a3
Qc5 28. h5 Nxc4 29. Kb1 Nxd2+ 30. Rxd2 Bxd2 31. hxg6 Bh6 32. f4 f5 33. Bxe6+
Kh8 34. g5 Qb5 35. Qxd4
1-0

[Event "Sveins 10. minneturnering"]
[Site "Oslo"]
[Date "2017.06.24"]
[Round "3"]
[White "Skaslien, Ingrid"]
[Black "Lund, Terje"]
[Result "0-1"]
[WhiteElo "1773"]
[BlackElo "2095"]
[PlyCount "78"]
[EventDate "2017.??.??"]

1. d4 Nf6 2. c4 e6 3. Nc3 Bb4 4. Qc2 O-O 5. Bf4 d6 6. Nf3 Nbd7 7. e4 e5 8. dxe5
dxe5 9. Bg5 c6 10. Bd3 h6 11. Bh4 Qa5 12. Rc1 Qxa2 13. O-O Qa5 14. Ra1 Qc7 15.
Ra4 Be7 16. Rfa1 a6 17. R4a2 Re8 18. Rb1 Nf8 19. Bg3 N6d7 20. b4 Ne6 21. c5 Nf4
22. Bc4 Nf8 23. Bxf4 exf4 24. e5 Bg4 25. Re1 Bxf3 26. gxf3 Bf6 27. Qf5 Rxe5 28.
Rxe5 Qxe5 29. Qxe5 Bxe5 30. Ne4 Rd8 31. Rc2 Rd1+ 32. Kg2 Nd7 33. Nc3 Bxc3 34.
Rxc3 Ne5 35. Ba2 Rd2 36. Ra3 Rd3 37. Rxd3 Nxd3 38. Bb3 Nxb4 39. Bc4 a5
0-1

[Event "Sveins 10. minneturnering"]
[Site "Oslo"]
[Date "2017.06.24"]
[Round "3"]
[White "Svanholm, Børge W"]
[Black "Bergre, Joachim"]
[Result "1/2-1/2"]
[WhiteElo "1756"]
[BlackElo "2053"]
[PlyCount "51"]
[EventDate "2017.??.??"]

1. c4 c5 2. Nf3 g6 3. d4 cxd4 4. Nxd4 Bg7 5. e4 Nc6 6. Be3 Nf6 7. Nc3 d6 8. Be2
O-O 9. O-O Bd7 10. f3 Nxd4 11. Bxd4 Bc6 12. Qd2 Ne8 13. Be3 Nc7 14. Rfd1 Ne6
15. Rac1 Kh8 16. Bf1 Re8 17. b4 b6 18. Qf2 Qb8 19. Rd2 Bb7 20. Nd5 Bc6 21. Bd3
Qb7 22. Rdc2 Ba4 23. Rd2 Bc6 24. Rdc2 Ba4 25. Rd2 Bc6 26. Rdc2
1/2-1/2

[Event "Sveins 10. minneturnering"]
[Site "Oslo"]
[Date "2017.06.24"]
[Round "3"]
[White "Hansen, Lars-Henrik Bech"]
[Black "Neuzil, Torey G"]
[Result "1-0"]
[WhiteElo "2019"]
[BlackElo "1743"]
[PlyCount "67"]
[EventDate "2017.??.??"]

1. e4 e6 2. d4 d5 3. Nc3 dxe4 4. Nxe4 Bd7 5. Nf3 Bc6 6. Bd3 Nd7 7. Qe2 Ngf6 8.
Neg5 Bxf3 9. Qxf3 c6 10. O-O Bd6 11. Re1 Nf8 12. c4 Qc7 13. Qh3 h6 14. Nf3
O-O-O 15. Be3 N8h7 16. Bxh7 Rxh7 17. d5 g5 18. Nd4 g4 19. Qh4 Be5 20. dxe6 Rxd4
21. Bxd4 Bxd4 22. Rad1 Be5 23. exf7 Rxf7 24. Qxh6 b6 25. b3 Kb7 26. g3 Rh7 27.
Qg6 Rh3 28. Re3 Rh7 29. b4 Rd7 30. Rde1 Bd4 31. Re6 Rg7 32. Qf5 Nh7 33. b5 c5
34. Qd5+
1-0

[Event "Sveins 10. minneturnering"]
[Site "Oslo"]
[Date "2017.06.24"]
[Round "3"]
[White "Enersen, Eirik S"]
[Black "Toby, Albert"]
[Result "1/2-1/2"]
[WhiteElo "1705"]
[BlackElo "2015"]
[PlyCount "160"]
[EventDate "2017.??.??"]

1. e4 e5 2. Nf3 Qe7 3. Nc3 c6 4. Bc4 g6 5. d3 Bg7 6. O-O Nf6 7. Bg5 h6 8. Bh4
g5 9. Bg3 d6 10. h3 Nbd7 11. d4 O-O 12. dxe5 dxe5 13. Qe2 Nh5 14. Bh2 Nf4 15.
Qe3 b5 16. Bb3 Nc5 17. Ne1 Rd8 18. Rd1 Ba6 19. Nd3 Nfxd3 20. cxd3 b4 21. Na4
Nxb3 22. axb3 Rd4 23. Rd2 c5 24. Rc1 Rc8 25. f3 Bf8 26. Bg3 Qe6 27. Qe2 f6 28.
Bf2 Qxb3 29. Bxd4 exd4 30. Qd1 Qe6 31. b3 Bd6 32. Ra1 Qe5 33. Qf1 Qg3 34. Nb2
Bf4 35. Rc2 Be3+ 36. Kh1 Rc6 37. Nc4 Bf4 38. Kg1 Bc8 39. Qf2 Qh2+ 40. Kf1 a6
41. Ke2 Bb8 42. Qg1 Qc7 43. Qc1 Qh2 44. Qg1 Qc7 45. Qc1 Qg3 46. Qf1 f5 47. e5
Bxe5 48. Qf2 Re6 49. Qxg3 Bxg3+ 50. Kf1 Kf8 51. Re2 Rc6 52. Ne5 Re6 53. Nc4 Rc6
54. Ne5 Rc7 55. Ng6+ Kf7 56. Ne5+ Kf6 57. Nc4 h5 58. Re8 Kf7 59. Rh8 Kg6 60.
Rg8+ Kf6 61. Rf8+ Kg7 62. Re8 h4 63. Ne5 Bb7 64. Nc4 Kf7 65. Rh8 Kg7 66. Re8
Bc6 67. Re2 Bb5 68. Rc2 Kf6 69. Raa2 Bf4 70. Ra1 Be3 71. Re1 f4 72. Ree2 Ke6
73. Ke1 Kd5 74. Kd1 Rc6 75. Ke1 Ke6 76. Kd1 a5 77. Ra2 Ra6 78. Nb2 Kd7 79. Kc2
Kc6 80. Re1 Ra7
1/2-1/2

[Event "Sveins 10. minneturnering"]
[Site "Oslo"]
[Date "2017.06.24"]
[Round "3"]
[White "Ingebretsen, Jens E"]
[Black "Tenold, Andreas"]
[Result "1-0"]
[WhiteElo "2014"]
[BlackElo "1705"]
[PlyCount "57"]
[EventDate "2017.??.??"]

1. e4 c5 2. Nf3 Nc6 3. Bb5 g6 4. Bxc6 bxc6 5. d3 Bg7 6. Nc3 d6 7. O-O Nf6 8. e5
Nd5 9. Ne4 dxe5 10. Nxc5 O-O 11. Re1 Bg4 12. h3 Bxf3 13. Qxf3 Qa5 14. Be3 Nxe3
15. Qxe3 Qc7 16. Qe4 Rfd8 17. c3 a5 18. b4 axb4 19. Qxb4 e6 20. Qc4 Rd5 21. a4
Qa7 22. Ne4 f5 23. Ng5 Qd7 24. Nf3 Raa5 25. Reb1 Rxd3 26. Rb8+ Kf7 27. Qb4 Ra7
28. Ng5+ Kf6 29. Nxh7+
1-0

[Event "Sveins 10. minneturnering"]
[Site "Oslo"]
[Date "2017.06.24"]
[Round "3"]
[White "Gaure, Sigurd Lauvas"]
[Black "Grønn, Eskil Ekeland"]
[Result "0-1"]
[WhiteElo "1532"]
[BlackElo "1962"]
[PlyCount "62"]
[EventDate "2017.??.??"]

1. e4 c5 2. Nf3 d6 3. d4 cxd4 4. Nxd4 Nf6 5. Nc3 Nc6 6. Nb3 g6 7. Be3 Ng4 8.
Bf4 Qb6 9. Qf3 Bg7 10. Nd5 Qd8 11. c3 O-O 12. Bc4 Nge5 13. Qe2 Nxc4 14. Qxc4
Ne5 15. Qe2 a5 16. h4 h5 17. Be3 Be6 18. Bb6 Qd7 19. Nc7 Bc4 20. Qd2 Qg4 21. f3
Qg3+ 22. Kd1 Nxf3 23. Qf2 Qxf2 24. Bxf2 Rac8 25. gxf3 Rxc7 26. Nxa5 Ba6 27. Kc2
f5 28. exf5 Rxf5 29. Rhg1 Rxf3 30. Bb6 Rd7 31. Rxg6 Bd3+
0-1

[Event "Sveins 10. minneturnering"]
[Site "Oslo"]
[Date "2017.06.24"]
[Round "3"]
[White "Greibrokk, Ingrid"]
[Black "Papanek, Ella Sharpe"]
[Result "1-0"]
[WhiteElo "1936"]
[BlackElo "1671"]
[PlyCount "137"]
[EventDate "2017.??.??"]

1. e4 c5 2. Nf3 e6 3. d4 cxd4 4. Nxd4 a6 5. Bc4 Qc7 6. Bb3 Nf6 7. Qe2 Qe5 8.
Be3 Nxe4 9. O-O Nc6 10. c3 Bd6 11. g3 Nf6 12. Qd1 Qh5 13. Nxc6 Ng4 14. h4 Bc7
15. Nd4 Qg6 16. Qf3 f5 17. Re1 f4 18. Bc2 Qh5 19. Bd1 fxe3 20. Rxe3 g5 21. Qxg4
Qxg4 22. Bxg4 gxh4 23. Bh5+ Kf8 24. Rf3+ Ke7 25. Rf7+ Kd6 26. gxh4 b5 27. Bf3
Rb8 28. Nd2 e5 29. Ne4+ Kd5 30. Nf5 Kc6 31. Ng5+ Kb6 32. Rxh7 Rxh7 33. Nxh7 d6
34. Ne7 Be6 35. Nf6 Rf8 36. Ned5+ Kb7 37. Nxc7+ Kxc7 38. Nd5+ Kd7 39. Bg2 Rh8
40. h5 Bf7 41. a4 Bxh5 42. axb5 axb5 43. Ra7+ Ke6 44. Nc7+ Kf5 45. Nxb5 Rg8 46.
Nxd6+ Ke6 47. Ne4 Bf3 48. Ng3 Bd1 49. c4 Rb8 50. Rb7 Rd8 51. c5 Bc2 52. c6 Kd6
53. b4 Rc8 54. Rd7+ Ke6 55. Bh3+ Kf6 56. Nh5+ Kg6 57. Rg7+ Kxh5 58. Bxc8 e4 59.
c7 e3 60. Be6 e2 61. Bg4+ Kh6 62. Bxe2 Kxg7 63. c8=Q Bg6 64. b5 Kh6 65. b6 Kg5
66. b7 Bf5 67. Qg8+ Kf4 68. b8=Q+ Ke4 69. Qc4#
1-0

[Event "Sveins 10. minneturnering"]
[Site "Oslo"]
[Date "2017.06.24"]
[Round "3"]
[White "Landsverk, Ida"]
[Black "Omtvedt, Per"]
[Result "1/2-1/2"]
[WhiteElo "1415"]
[BlackElo "1934"]
[PlyCount "57"]
[EventDate "2017.??.??"]

1. e4 Nf6 2. e5 Nd5 3. g3 d6 4. exd6 exd6 5. Bg2 Nf6 6. d4 Be7 7. Ne2 O-O 8.
O-O c6 9. c4 d5 10. cxd5 Nxd5 11. Nbc3 Be6 12. Nf4 Nxf4 13. Bxf4 Qb6 14. Qd2
Na6 15. d5 cxd5 16. Nxd5 Bxd5 17. Qxd5 Nc5 18. b3 Rad8 19. Qc4 Ne6 20. Be3 Bc5
21. Bxc5 Nxc5 22. Rad1 Ne6 23. Bd5 Rd6 24. Bxe6 Rxe6 25. Rd7 Rd6 26. Rd1 Rxd1+
27. Rxd1 Rd8 28. Rxd8+ Qxd8 29. Kg2
1/2-1/2

[Event "Sveins 10. minneturnering"]
[Site "Oslo"]
[Date "2017.06.24"]
[Round "3"]
[White "Kreken, Eivind Grunt"]
[Black "Sundsbo, Sigve"]
[Result "0-1"]
[WhiteElo "1386"]
[BlackElo "1796"]
[PlyCount "86"]
[EventDate "2017.??.??"]

1. e4 e6 2. Nf3 d5 3. e5 c5 4. b4 cxb4 5. a3 Nc6 6. axb4 Bxb4 7. c3 Be7 8. d4
h5 9. Bd3 Bd7 10. Ba3 Qc7 11. Bxe7 Ngxe7 12. Na3 Na5 13. Nb5 Bxb5 14. Bxb5+
Nac6 15. O-O a6 16. Ng5 Rc8 17. Bd3 g6 18. Qf3 Nf5 19. h3 Qe7 20. Qf4 Nb8 21.
Qd2 Qc7 22. Rfc1 Nc6 23. Qf4 Qe7 24. Rcb1 Nb8 25. Rb3 O-O 26. g4 Ng7 27. Rab1
b5 28. Be2 Rc6 29. gxh5 gxh5 30. Qh4 f6 31. exf6 Qxf6 32. Rf1 Qf4 33. Bg4 Nd7
34. Kh1 Rf5 35. Nxe6 Nxe6 36. Rg1 Kf8 37. Rg3 hxg4 38. Rxg4 Qf3+ 39. Kg1 Qd1+
40. Kg2 Qxb3 41. Qh6+ Ke7 42. Qh7+ Rf7 43. Qh4+ Nf6
0-1

[Event "Sveins 10. minneturnering"]
[Site "Oslo"]
[Date "2017.06.24"]
[Round "3"]
[White "Sidali, Elias Hulleberg"]
[Black "Merkesvik, Amalie Isabel"]
[Result "1/2-1/2"]
[WhiteElo "1675"]
[BlackElo "1782"]
[PlyCount "43"]
[EventDate "2017.??.??"]

1. e4 c5 2. Nf3 d6 3. d4 cxd4 4. Qxd4 Nd7 5. Bc4 e6 6. O-O Ngf6 7. Nc3 a6 8. a4
Be7 9. Bg5 O-O 10. Bh4 b6 11. Bg3 e5 12. Qe3 Bb7 13. Nd5 Nxd5 14. Bxd5 Bxd5 15.
exd5 Nf6 16. c4 Qc7 17. Nd2 Rfc8 18. f4 Qd7 19. fxe5 dxe5 20. Qxe5 Bc5+ 21. Kh1
Re8 22. Qf5
1/2-1/2

[Event "Sveins 10. minneturnering"]
[Site "Oslo"]
[Date "2017.06.24"]
[Round "3"]
[White "Røneid, Heidi"]
[Black "Trasti, Nora"]
[Result "1-0"]
[WhiteElo "1702"]
[BlackElo "1359"]
[PlyCount "89"]
[EventDate "2017.??.??"]

1. e4 c5 2. c3 d5 3. exd5 Qxd5 4. d4 Nf6 5. Nf3 Nc6 6. Be2 cxd4 7. cxd4 Bf5 8.
Nc3 Qa5 9. O-O e6 10. Bd2 Qd8 11. Bf4 a6 12. a3 Bd6 13. Bxd6 Qxd6 14. Qd2 O-O
15. Rfd1 Rfd8 16. h3 Na5 17. Ne4 Bxe4 18. Qxa5 Rac8 19. Rac1 Bc2 20. Rd2 Be4
21. Rdd1 Bc2 22. Re1 Rc7 23. Bd1 Rdc8 24. Bxc2 Rxc2 25. Rxc2 Rxc2 26. Qe5 Qxe5
27. dxe5 Nd5 28. Rb1 h6 29. Nd4 Rc8 30. Kf1 Kf8 31. g3 Rc4 32. Rd1 Ke7 33. Ke2
Rc8 34. f4 g6 35. Kf3 h5 36. g4 hxg4+ 37. hxg4 Rc7 38. Ke4 Rc5 39. f5 gxf5+ 40.
gxf5 exf5+ 41. Nxf5+ Ke6 42. Ng7+ Ke7 43. Rxd5 Rc4+ 44. Rd4 Rc2 45. Nf5+
1-0

[Event "Sveins 10. minneturnering"]
[Site "Oslo"]
[Date "2017.06.24"]
[Round "3"]
[White "Vestby, Anniken"]
[Black "Chachkes, George D"]
[Result "0-1"]
[WhiteElo "1336"]
[BlackElo "1681"]
[PlyCount "66"]
[EventDate "2017.??.??"]

1. e4 e5 2. Nf3 Nc6 3. Bb5 g6 4. O-O Bg7 5. d3 d6 6. Nc3 Nf6 7. Bg5 h6 8. Bh4
O-O 9. h3 g5 10. Bg3 g4 11. hxg4 Bxg4 12. Re1 Nd4 13. Bc4 c6 14. Nb1 Nh5 15.
Bh4 Bxf3 16. Bxd8 Bxd1 17. Rxd1 Raxd8 18. c3 Nc2 19. Nd2 Nxa1 20. Rxa1 Kh8 21.
Re1 f5 22. Nf3 fxe4 23. dxe4 Bf6 24. g3 Bg5 25. Be2 Nf6 26. Kg2 Nxe4 27. Bd3 d5
28. Rf1 Rxf3 29. Bxe4 dxe4 30. Re1 Rd2 31. Rxe4 Rfxf2+ 32. Kh3 h5 33. Rxe5 Rh2#
0-1

[Event "Sveins 10. minneturnering"]
[Site "Oslo"]
[Date "2017.06.24"]
[Round "3"]
[White "Evenshaug, Amadeus Hestvik"]
[Black "Grønn, Embla Ekeland"]
[Result "0-1"]
[WhiteElo "1214"]
[BlackElo "1616"]
[PlyCount "112"]
[EventDate "2017.??.??"]

1. e4 c6 2. d4 d5 3. Nc3 dxe4 4. Nxe4 Bf5 5. Ng3 Bg6 6. Nf3 Nd7 7. Bd3 Bxd3 8.
Qxd3 e6 9. O-O Ngf6 10. Bg5 Be7 11. Bxf6 Nxf6 12. c3 O-O 13. Rfe1 c5 14. Qe3
cxd4 15. Nxd4 Nd5 16. Qe5 Bf6 17. Qe4 Qb6 18. Nb3 Rfd8 19. Ne2 Rd6 20. Nd2 Rd7
21. Nc4 Qb5 22. Nd4 Qxc4 23. Qe2 Qxe2 24. Rxe2 Bxd4 25. cxd4 Nf6 26. Rd2 Rad8
27. Rad1 e5 28. Rc2 exd4 29. Rdc1 h6 30. Rc8 Rxc8 31. Rxc8+ Kh7 32. Rc2 d3 33.
Rd2 Ne4 34. Rd1 d2 35. Kf1 Rc7 36. f3 Rc1 37. Ke2 Rxd1 38. Kxd1 Nc5 39. Kxd2
Kg6 40. Ke3 Kf5 41. g4+ Ke5 42. f4+ Kd5 43. b3 a5 44. h4 a4 45. b4 Ne6 46. f5
Nc7 47. h5 Kc4 48. g5 f6 49. g6 Kxb4 50. Kd2 Ka3 51. Kc1 Kxa2 52. Kc2 b5 53.
Kc3 a3 54. Kc2 b4 55. Kc1 b3 56. Kd2 b2
0-1

[Event "Sveins 10. minneturnering"]
[Site "Oslo"]
[Date "2017.06.24"]
[Round "3"]
[White "Hestvik, Elias"]
[Black "Amarapala, Sheroni"]
[Result "1/2-1/2"]
[WhiteElo "1192"]
[BlackElo "1471"]
[PlyCount "74"]
[EventDate "2017.??.??"]

1. e4 e5 2. Nf3 Nc6 3. d4 exd4 4. Bc4 h6 5. Nxd4 Bc5 6. Be3 Bb6 7. Nc3 d6 8.
O-O Nf6 9. Re1 O-O 10. h3 Re8 11. Bb5 Bd7 12. Nxc6 Bxc6 13. Bxc6 bxc6 14. Qf3
d5 15. Bxb6 cxb6 16. exd5 Rxe1+ 17. Rxe1 Nxd5 18. Nxd5 Qxd5 19. Qxd5 cxd5 20.
Kf1 Rd8 21. Rd1 b5 22. Rd4 f6 23. b3 Kf7 24. c4 bxc4 25. bxc4 Ke6 26. Ke2 Rd6
27. cxd5+ Rxd5 28. Rxd5 Kxd5 29. Kd3 Kc5 30. Kc3 Kb5 31. Kb3 Ka5 32. f4 g5 33.
fxg5 fxg5 34. g3 Kb5 35. g4 a6 36. a3 a5 37. a4+ Kc5
1/2-1/2

[Event "Sveins 10. minneturnering"]
[Site "Oslo"]
[Date "2017.06.23"]
[Round "4"]
[White "Getz, Nicolai"]
[Black "Berg, Emanuel"]
[Result "1-0"]
[WhiteElo "2391"]
[BlackElo "2573"]
[PlyCount "49"]
[EventDate "2017.??.??"]

1. e4 c5 2. Ne2 d6 3. Nbc3 a6 4. a4 Nc6 5. d4 cxd4 6. Nxd4 Nf6 7. Bc4 e6 8. O-O
Bd7 9. Nxc6 Bxc6 10. Qe2 Be7 11. Rd1 Qa5 12. Bf4 O-O 13. Bb3 Rfd8 14. Rd3 b5
15. Qe1 b4 16. Nd5 exd5 17. exd5 Bxd5 18. Qxe7 Bxb3 19. Rxb3 Qf5 20. Rxb4 Re8
21. Qxd6 Rad8 22. Qxa6 Nd5 23. Qb5 Qxc2 24. Rc4 Qe2 25. g3
1-0

[Event "Sveins 10. minneturnering"]
[Site "Oslo"]
[Date "2017.06.23"]
[Round "4"]
[White "Moen, Ole Christian"]
[Black "Hector, Jonny"]
[Result "0-1"]
[WhiteElo "2178"]
[BlackElo "2503"]
[PlyCount "70"]
[EventDate "2017.??.??"]

1. e4 e5 2. Nf3 Nc6 3. Bb5 a6 4. Ba4 Nf6 5. O-O Be7 6. Re1 b5 7. Bb3 O-O 8. a4
b4 9. c3 Rb8 10. d4 d6 11. h3 h6 12. Nbd2 Re8 13. a5 bxc3 14. bxc3 exd4 15.
cxd4 Nb4 16. Nf1 d5 17. Ng3 dxe4 18. Ne5 Rf8 19. Nxe4 Bb7 20. Ng3 Bd5 21. Nf5
Re8 22. Ra3 Bf8 23. Ba4 c6 24. Rg3 Kh8 25. Bd2 Qxa5 26. Bxc6 Bxc6 27. Nxc6 Qxf5
28. Bxb4 Bxb4 29. Rxe8+ Rxe8 30. Nxb4 a5 31. Nc6 Qd5 32. Qf3 Re1+ 33. Kh2 Ne4
34. Ne5 Nxg3 35. Qxg3 Kg8
0-1

[Event "Sveins 10. minneturnering"]
[Site "Oslo"]
[Date "2017.06.23"]
[Round "4"]
[White "Hillarp Persson, Tiger"]
[Black "Arvola, Benjamin"]
[Result "1/2-1/2"]
[WhiteElo "2496"]
[BlackElo "2435"]
[PlyCount "99"]
[EventDate "2017.??.??"]

1. c4 Nf6 2. d4 g6 3. Nc3 d5 4. Bg5 Bg7 5. Bxf6 Bxf6 6. cxd5 c5 7. dxc5 Nd7 8.
e3 Qa5 9. Nge2 O-O 10. a3 Qxc5 11. Ne4 Qb6 12. Nxf6+ Nxf6 13. Qd4 Qxd4 14. Nxd4
Nxd5 15. Be2 e5 16. Nf3 f6 17. Nd2 Be6 18. Rc1 Rac8 19. O-O Nb6 20. Ne4 Bc4 21.
Bxc4+ Nxc4 22. b3 f5 23. Rxc4 Rxc4 24. bxc4 fxe4 25. g4 Rc8 26. Rd1 Rc7 27. Rd5
Kf7 28. Rxe5 Rxc4 29. Kg2 h6 30. Ra5 a6 31. h4 Ke6 32. Kg3 Rc6 33. Kf4 Rc2 34.
Kxe4 Rxf2 35. h5 Kf6 36. Rd5 gxh5 37. Rxh5 Kg6 38. a4 Rb2 39. a5 Rb4+ 40. Kf3
b6 41. axb6 Rxb6 42. Ra5 Rf6+ 43. Kg3 Re6 44. Kf4 Rf6+ 45. Kg3 Re6 46. Kf3 Rf6+
47. Ke2 Re6 48. Rh5 Re4 49. Kf3 Ra4 50. Rc5
1/2-1/2

[Event "Sveins 10. minneturnering"]
[Site "Oslo"]
[Date "2017.06.23"]
[Round "4"]
[White "Kovachev, Daniel Jakobsen"]
[Black "Tan, Justin"]
[Result "1/2-1/2"]
[WhiteElo "2308"]
[BlackElo "2448"]
[PlyCount "108"]
[EventDate "2017.??.??"]

1. e4 e6 2. d4 d5 3. Nc3 Nf6 4. Bg5 dxe4 5. Nxe4 Be7 6. Nxf6+ Bxf6 7. Bxf6 Qxf6
8. Nf3 O-O 9. Qd3 Nd7 10. Qe3 Nb6 11. Bd3 Nd5 12. Qe4 g6 13. O-O Rd8 14. Rad1
Rb8 15. Ne5 Ne7 16. c3 h5 17. Qe2 b6 18. Be4 c5 19. Nf3 cxd4 20. Nxd4 Bd7 21.
Rd2 e5 22. Nf3 Ba4 23. Rxd8+ Rxd8 24. Bc2 Bxc2 25. Qxc2 Qd6 26. Re1 Nc6 27. h4
Kg7 28. Qe4 f6 29. g3 f5 30. Qa4 e4 31. Ng5 Rd7 32. Qc4 Ne5 33. Qe2 Ng4 34. Kg2
Qd5 35. c4 Qd2 36. Ne6+ Kf7 37. Nf4 Ne5 38. b3 Nf3 39. Ra1 Nxh4+ 40. Kf1 Nf3
41. c5 Qd4 42. Rc1 bxc5 43. Qa6 Qd6 44. Qxd6 Rxd6 45. Rxc5 Rd1+ 46. Kg2 Rg1+
47. Kh3 g5 48. Rxf5+ Kg7 49. Nxh5+ Kg6 50. g4 Rh1+ 51. Kg3 Rg1+ 52. Kh3 Rh1+
53. Kg3 Rg1+ 54. Kh3 Rh1+
1/2-1/2

[Event "Sveins 10. minneturnering"]
[Site "Oslo"]
[Date "2017.06.23"]
[Round "4"]
[White "Hansen, Torbjørn R."]
[Black "Ostrovskiy, Aleksandr A"]
[Result "0-1"]
[WhiteElo "2443"]
[BlackElo "2381"]
[PlyCount "100"]
[EventDate "2017.??.??"]

1. e4 e6 2. d4 d5 3. Nd2 c5 4. Ngf3 cxd4 5. Nxd4 Nc6 6. Bb5 Bd7 7. Nxc6 bxc6 8.
Bd3 Bd6 9. Qe2 Ne7 10. e5 Bc7 11. O-O Ng6 12. Nf3 f6 13. Bxg6+ hxg6 14. h3 Kf7
15. b3 Rh5 16. Bb2 c5 17. Rfe1 Ba5 18. Red1 Qc7 19. exf6 gxf6 20. Nh2 d4 21.
Ng4 Qb7 22. a4 Bc6 23. f3 Qc7 24. Rd3 Bd5 25. c3 c4 26. Rxd4 Bb6 27. bxc4 Bxc4
28. Qc2 e5 29. a5 Bc5 30. Ne3 exd4 31. cxd4 Be6 32. dxc5 Qxc5 33. Qf2 Rd8 34.
Ra3 Qb4 35. Rc3 Qxa5 36. Ng4 Bxg4 37. fxg4 Re5 38. Kh2 Qb6 39. Qc2 Re7 40. Rc6
Qb8+ 41. Kg1 Rd6 42. Qc4+ Kg7 43. Rxd6 Qxd6 44. g5 Re1+ 45. Kf2 Qd2+ 46. Kg3
Qxg5+ 47. Kh2 Re7 48. Qb4 Qe3 49. Qd6 Qe6 50. Qb4 Rd7
0-1